000 00310nam a2200157Ia 4500
100 _aBoehm/Anne
650 _aHTML
942 _cBK
366 _f20
245 _aMurachs HTML
260 _bShroff Publishers
_c2010
082 _a4.65
_bBOE
300 _a496
546 _aENGLISH
_cComputers
999 _c25312
_d25312